Jingle Bells Fill-in-the-Blank - Statistics

General Stats
  • This quiz has been taken 33 times
  • The average score is 13 of 16
Answer Stats
Answer % Correct
Dashing through the {snow}
100%
In a {one-horse} open sleigh
97%
In a {one-horse} open sleigh
97%
In a {one-horse} open sleigh, hey!
97%
Jingle {bells}, jingle bells
94%
Oh! Jingle {bells}, jingle bells
94%
{Laughing} all the way
90%
Oh, what {fun} it is to ride
87%
Oh, what {fun} it is to ride
87%
{Jingle} all the way
84%
{Jingle} all the way
84%
Making spirits {bright}
71%
A {sleighing} song tonight
68%
What fun it is to {ride} and sing
68%
Bells on {bobtails} ring
55%
O'er the {fields} we go
52%
No matching quizzes found
Score Distribution
Percent of People with Each Score
Percentile by Number Answered
Your Score History
You have not taken this quiz